| 000 | 00364nam a2200145Ia 4500 | ||
|---|---|---|---|
| 008 | 150201s2007 xx 000 0 und d | ||
| 082 |
_a617.6 _bB2007B |
||
| 100 | _aBEREK,JANATHAN | ||
| 245 | _aBEREK & NAVAKS GYNECOLOGY | ||
| 250 | _a2007 | ||
| 260 |
_bLIPPINCOTT PUBLICATION _aPHILADELPHIA _c2007 |
||
| 300 | _a1-1671 | ||
| 650 | _aGYNAECOLOGY | ||
| 942 |
_2ddc _cBK |
||
| 999 |
_c3516 _d3516 |
||